| 000 | 00486nam a22001937a 4500 | ||
|---|---|---|---|
| 003 | MPLRDC | ||
| 005 | 20220104143655.0 | ||
| 008 | 210129b ||||| |||| 00| 0 eng d | ||
| 020 | _a957-480-238-8 | ||
| 082 | _a857.62 KNDE-11 v.8 | ||
| 100 | _a亚瑟.柯南道 | ||
| 245 |
_a恐怖谷 _c罗小川编译 |
||
| 250 | _a初版 | ||
| 260 |
_a _b大步文化 _c2000 |
||
| 300 | _b平 | ||
| 490 | _a福尔摩斯探案集. 8 | ||
| 650 | _a推理小说 | ||
| 942 |
_cBK _o857.62 KNDE-11 v.8 |
||
| 999 |
_c42218 _d42208 |
||